Statistics for Famous Johns Quiz

Click here to take the quiz!

General Stats

  • This quiz has been taken 20,360 times
    (16,511 since last reset)
  • The average score is 13 of 24

Answer Stats

ClueFamous John% Correct
The BeatlesJohn Lennon
98%
Pope until 2005John Paul II
84%
2nd or 6th PresidentJohn Adams
78%
"Edward Scissorhands"Johnny Depp
77%
"Ich bin ein Berliner"John F. Kennedy
69%
Pocahantas saved himJohn Smith
66%
Famous signatureJohn Hancock
60%
"The Grapes of Wrath"John Steinbeck
59%
"True Grit"John Wayne
58%
Monty PythonJohn Cleese
57%
2008 Presidential nomineeJohn McCain
56%
The man in blackJohnny Cash
54%
"Rocky Mountain High"John Denver
51%
First American to orbit EarthJohn Glenn
46%
Wrote "The Firm"John Grisham
46%
Prominent ScientologistJohn Travolta
46%
"Animal House"John Belushi
43%
Ate locusts and honeyJohn the Baptist
43%
Depression-era bank robberJohn Dillinger
37%
The marching tuba bears his nameJohn Philip Sousa
35%
Led Zeppelin drummer who died in 1980John Bonham
30%
Abolitionist who raided Harper's FerryJohn Brown
30%
Wrote "Gulliver's Travels"Jonathan Swift
30%
"Grosse Point Blank"John Cusack
28%

Score Distribution

Percentile by Number Answered

Percent of People with Each Score

Your Score History

You have not taken this quiz since the last reset